[Event "CZE-chT U18 Extraliga Ost 1819"]
[Site "Czech Republic"]
[Date "2019.01.18"]
[Round "5.3"]
[White "Stalmach, Richard"]
[Black "Vasinek, Martin"]
[Result "1-0"]
[WhiteElo "1993"]
[BlackElo "1443"]
[PlyCount "95"]
[EventDate "2018.10.05"]
[EventType "team-tourn"]
[EventRounds "11"]
[EventCountry "CZE"]
[SourceTitle "EXT 2023"]
[Source "ChessBase"]
[SourceDate "2022.10.05"]
[SourceVersion "1"]
[SourceVersionDate "2022.10.05"]
[SourceQuality "1"]
[WhiteTeam "Frydek Mistek BSS (U18)"]
[BlackTeam "Frydek Mistek BSS (U18) II"]
[WhiteTeamCountry "CZE"]
[BlackTeamCountry "CZE"]

1. d4 d5 2. c4 e6 3. Nc3 Nf6 4. Nf3 c6 5. e3 Be7 6. Bd3 Nbd7 7. e4 dxe4 8. Nxe4 b6 9. 0-0 0-0 10. Bf4 Bb7 11. Nd6 Qc7 12. c5 bxc5 13. Nxb7 Qxf4 14. Nxc5 Bxc5 15. dxc5 Nxc5 16. Rc1 Nxd3 17. Qxd3 Rfc8 18. Rc4 Qc7 19. Rfc1 Qb7 20. Qc2 h6 21. Rxc6 Rxc6 22. Qxc6 Qxc6 23. Rxc6 Rb8 24. b3 Nd5 25. Nd4 Nb4 26. Rc7 Nxa2 27. Rxa7 Nc1 28. Ra1 Rd8 29. Kf1 Rxd4 30. Rxc1 Kf8 31. Ke2 Ke7 32. Rc7+ Kf6 33. Rc4 Ke5 34. Ke3 Rxc4 35. bxc4 f6 36. f4+ Kd6 37. Kd4 g5 38. fxg5 hxg5 39. h3 Kc6 40. g3 Kd6 41. h4 gxh4 42. gxh4 e5+ 43. Ke4 Ke6 44. h5 f5+ 45. Ke3 Kf6 46. c5 Kg5 47. c6 f4+ 48. Kf3 1-0